Responses for Show #8413 - Wednesday, June 2, 2021

Champion's winnings & consolation amounts matched to National Alliance on Mental Illness.

Contestants

[<< previous game]

Lydia Glaw, a biomedical engineer from Gaithersburg, Maryland

John Alba Cutler, an English professor from Wilmette, Illinois

Robin Lozano, a hospitality executive from San Antonio, Texas (whose 1-day cash winnings total $12,601)

[next game >>]

Jeopardy! Round responses

THE BIBLE
EUROPEAN HISTORY
DESCRIBING THE FILM TRILOGY
THE GIVING TREE
I'D LIKE TO BUY
"A" VOWEL
(Mayim: "A" is the only vowel in each response.)
    $200 2
manna

Lydia
    $200 1
(Lydia: Who is Genghis Khan?)

Attila the Hun

JohnLydia
    $200 11
Austin Powers

Lydia
    $200 13
maple

Robin
    $200 23
a (bath) towel

Robin
    $200 12
drama

Robin
    $400 3
(Pontius) Pilate

John
    $400 7
(Robin: Who is Nicholas?)
(Lydia: Who is Peter?)
(John: Who is Ivan?)

Alexander

RobinJohnLydia
Triple Stumper
    $400 27
(Lydia: What is The Hangover?)

the Oceans trilogy

JohnLydia
    $400 14
cork

John
    $400 22
(Lydia: What is Balaclava?)

a cowl

Lydia
Triple Stumper
    $400 16
bananas

Robin
    $600 4
adultery

John
    $2,000 8
(John: What is Serbia and Montenegro?)

Czechoslovakia

John
    $600 30
The Godfather

John
    $600 15
magnolia

Robin
    $600 24
a trowel

Robin
    $600 17
a vandal

John
    $800 5
Jesus wept

John
    $800 9
(Lydia: What is Rome?)

Genoa

RobinLydia
    $800 29
Lord of the Rings

John
    $800 18
wax

Robin
    $800 25
(Mayim: We're down to a minute.)

Colin Powell

Robin
    $800 20
Black Jack

Robin
    $1000 6
Barnabas

John
    $1000 10
the Battle of Agincourt

John
    $1000 28
Back to the Future

John
    $1000 19
(John: What are apples?)

avocados

RobinJohn
    $1000 26
a dowel

Robin
    $1000 21
maracas

Lydia

Scores at the first commercial break (after clue 15):

Robin John Lydia
$1,400 $2,000 -$1,000

Scores at the end of the Jeopardy! Round:

Robin John Lydia
$7,000 $4,400 -$800

Double Jeopardy! Round responses

ISLANDS
IT'S ALL ABOUT HER
ART MOVEMENTS
POTPOURRI
NEW TO THE OED
POP PSYCHOLOGY
    $400 7
(Lydia: What is Corsica?)

Elba

RobinLydia
    $400 6
(Sonia) Sotomayor

Robin
    $400 18
the Mona Lisa

John
    $400 9
PEZ dispensers

John
    $400 1
(chicken) fingers

John
    $400 26
(Mayim: We have less than a minute.)

the pleasure principle

Robin
    $800 8
Greenland

Lydia
    $800 13
Out of Africa

Robin
    $3,000 19
Surrealism

John
    $800 23
the liver

Robin
    $800 2
sauce

Lydia
    $800 28
Ozzy Osbourne

Lydia
    $1200 10
(Lydia: What is Kauai?)
...
(Mayim: I had a feeling you'd get that one.)

Maui

RobinLydia
    $1200 14
Sylvia Plath

Robin
    $1200 20
Cubism

Triple Stumper
    $1200 17
a jackman

John
    $1200 3
Mexico

John
    $1200 27
(Jimi) Hendrix

Lydia
    $1600 11
(Robin: What is... and Príncipe? Saint Tão and Principe?)

São Tomé and Príncipe

RobinJohn
    $1600 15
Benazir Bhutto

Triple Stumper
    $1600 21
(Robin: What is bête sauvage?)

Fauvism

Robin
Triple Stumper
    $1600 24
(John: What are Benedictine monks?)

Dominicans (Dominican Order)

JohnLydia
    $1600 4
(Robin: What are yules?)

the ember months

Robin
Triple Stumper
    $1600 29
[The end-of-round signal sounds.]

"Lithium"

Robin
    $2000 12
Curacao

Robin
    $2,000 16
Gertrude Stein

Robin
    $2000 22
the Ashcan School

Triple Stumper
    $2000 25
(Mayim: No musicians? What is [*]?)

glissando

Triple Stumper
    $2000 5
(Mayim: John, I'm a little disappointed, that would be, "Who is [*]"? Pick again.)
(John: I'm also disappointed.)

Shakespeare

Triple Stumper

Scores at the end of the Double Jeopardy! Round:

Robin John Lydia
$13,000 $11,000 $2,800

[wagering suggestions for these scores]

Final Jeopardy! Round responses

NEWSPAPER NAMES
(Mayim: [To Lydia] We have the New York [*], later the Herald [*], the San Diego Union-[*], among many others.)
LydiaWhat is Tribune?
$1,241
JohnWhat is a tribune?
$8,700
RobinWhat is Senator?
$9,001
Tribune

Final scores:

Robin John Lydia
$3,999 $19,700 $4,041
3rd place: $1,000 New champion: $19,700 2nd place: $2,000

Game dynamics:

Coryat scores:

Robin John Lydia
$13,000 $10,800 $2,800
22 R
(including 1 DD),
4 W
19 R
(including 1 DD),
4 W
(including 1 DD)
8 R,
7 W

Combined Coryat: $26,600

[game clues] [game scores] [suggest correction]

Game tape date: 2021-03-15
The J! Archive is created by fans, for fans. Scraping, republication, monetization, and malicious use prohibited; this site may use cookies and collect identifying information. See terms. The Jeopardy! game show and all elements thereof, including but not limited to copyright and trademark thereto, are the property of Jeopardy Productions, Inc. and are protected under law. This website is not affiliated with, sponsored by, or operated by Jeopardy Productions, Inc. Join the discussion at JBoard.tv.